000 00816nam a2200217Ia 4500
003 GCL
008 140319s9999 xx 000 0 ara d
040 _aGCL /
_cGCL
082 0 4 _a291
_bا ا
100 1 _aابن قيم الجوزية: شمس الدين ابو عبدالله محمد بن ابى بكر
245 1 0 _aاحكام اهل الذمة /
_cابن قيم الجوزية: شمس الدين ابو عبدالله محمد بن ابى بكر
700 1 _aصبحى الصالح
250 _aالثالثة
260 _aبيروت :
_bدار العلم للملايين ،
_c1983
300 _a400 ص ؛
_c24 سم
490 _aكتاب
_v0
650 0 4 _aالفقه الاسلامى
650 0 4 _aالاسلام والديانات الاخرى
650 0 4 _aاهل الذمة
942 _2ddc
_cBK
999 _c40832
_d40832